000 00827nam a2200229Ia 4500
003 GCL
008 140319s9999 xx 000 0 ara d
020 _a2246249960
040 _aGCL /
_cGCL
082 0 4 _a070.594
_bف ن
100 1 _aفهد بن محمد الدرعان
245 1 0 _aنشر الكتاب فى جامعات دول مجلس التعاون الخليجى /
_cفهد بن محمد الدرعان
250 _aالاولى
260 _aالرياض :
_bمكتبة الملك فهد الوطنية ،
_c1997
300 _a488 ص ؛
_c25 سم
650 0 4 _aالجامعات والكليات
650 0 4 _aنشر الكتب
650 0 4 _aدول مجلس التعاون لدول الخليج
650 0 4 _aالكتب - صناعة و تجارة
650 0 4 _aالنشاط الثقافى
942 _2ddc
_cBK
999 _c6946
_d6946